000 00391nam a22001577a 4500
020 _a978-0-723-28703-2
082 _a823
_bCHI/B
100 _aCHARLIE
100 _aLOLA
245 _aBUT EXCUSE ME THAT IS MY BOOK
_bSHORT STORY
246 _aBUT EXCUSE ME THAT IS MY BOOK
_bSHORT STORY
260 _aUK
_bPUFFIN BOOKS
_c2013
520 _aSHORT STORY
650 _aSHORT STORY
942 _cBK
999 _c2594
_d2594